00375nam a2200145Ia 4500008004100000020001800041041001200059082001600071100002400087245003700111250001200148260002700160300000800187650003400195231217s9999 xx 000 0 und d a81-8318-380-8 aEnglish a659 MIS R aMisra, S KPuri, V K 0aEconomic environment of business a4th ed. c2006bHimalayaaMumbai a721 aEconomic,environment,business